000 00472nam a2200181Ia 4500
005 20250326124507.0
008 250326s9999 xx 000 0 und d
037 _aTextbook
040 _aFMSL
_beng
_cFMSL
041 _aeng
_2eng
084 _aX:8 K4.2
_qFMSL
100 _aGross B M
245 0 _aManagement of organizations
_cGross B M
260 _aLondon
_bLondon, Free
_c1964
300 _a965p
942 _cTB
_hX:8 K4.2
999 _c1273938
_d1273938